Normal view
MARC view
Entry Personal Name
001 - CONTROL NUMBER
- control field: 7781
003 - CONTROL NUMBER IDENTIFIER
- control field: OSt
005 - DATE AND TIME OF LATEST TRANSACTION
- control field: 20211028144236.0
008 - FIXED-LENGTH DATA ELEMENTS
- fixed length control field: 211028|| aca||aabn | a|a d
040 ## - CATALOGING SOURCE
- Original cataloging agency: OSt
- Transcribing agency: OSt
100 ## - HEADING--PERSONAL NAME
- Personal name: Shet, Ashwini; D Souza, Lestan.
- Miscellaneous information: 1616024
670 ## - SOURCE DATA FOUND
- Source citation: Work cat.: (OSt): Shet, Ashwini; D Souza, Lestan. 1616024, Satisfaction level of the employees regarding their recruitment and selection process in campco ltd Mangalore., 2018